000 00660nam a2200277Ia 4500
005 20260324130410.0
008 008 260324s9999 xx 000 0 eng d
020 _a9780203939444
037 _aEBOOK
040 _aCRL
040 _beng
040 _cCRL
041 _2eng
041 _aeng
084 _qCRL
100 _aHarriet S. Friedman; Rie Rogers Mitchell
_91181614
245 0 _aSupervision of Sandplay Therapy
260 _bTaylor and Francis
260 _c2007
365 _a
365 _b170
856 _uhttp://www.taylorfrancis.com/books/9780203939444
942 _cEBOOK
999 _c1777775
_d1777775